Statistics for Every Germany International Footballer Since 1990 to 2020

Click here to take the quiz!

General Stats

  • This quiz has been taken 51 times
  • The average score is 69 of 244

Answer Stats

DebutPositionCaps/GoalsPlayer% Correct
2013MF2/0Nicolai Muller
89%
2010FW110/42Thomas Muller
89%
2004DF113/5Philipp Lahm
87%
2009GK108/0Manuel Neuer
83%
2001FW137/71Miroslav Klose
83%
1995GK86/0Oliver Kahn
80%
1980MF150/23Lothar Matthaus
78%
2010DF76/5Mats Hummels
78%
2009MF92/23Mesut Ozil
78%
2010MF106/17Toni Kroos
78%
2004MF121/24Bastian Schweinsteiger
76%
2016FW15/14Serge Gnabry
76%
2009DF76/1Jerome Boateng
74%
2004FW130/49Lukas Podolski
72%
2010MF63/17Mario Gotze
70%
1999MF98/42Michael Ballack
70%
2009MF77/7Sami Khedira
70%
1998GK61/0Jens Lehmann
67%
2012GK24/0Marc-Andre ter Stegen
67%
2004DF104/4Per Mertesacker
67%
2016DF50/3Joshua Kimmich
65%
2015FW23/5Leroy Sane
65%
2007FW78/31Mario Gomez
65%
1987FW108/47Jurgen Klinsmann
63%
2018MF10/2Kai Havertz
63%
2014MF27/12Leon Goretzka
63%
2010FW57/22Andre Schurrle
61%
2017GK4/0Kevin Trapp
61%
2011FW44/13Marco Reus
61%
1982FW90/47Rudi Voller
61%
2014DF35/1Antonio Rudiger
59%
2012MF56/7Julian Draxler
57%
2016DF27/1Niklas Sule
57%
1984DF86/8Andreas Brehme
54%
2015MF30/1Emre Can
54%
2011MF39/8Ilkay Gundogan
54%
1996FW70/37Oliver Bierhoff
54%
2017FW33/13Timo Werner
54%
2013FW5/0Sidney Sam
52%
2002DF82/1Arne Friedrich
50%
2016GK8/0Bernd Leno
50%
2006DF9/1Manuel Friedrich
50%
1990MF51/8Matthias Sammer
50%
2001MF79/10Torsten Frings
50%
2011DF44/2Benedikt Howedes
48%
2000GK4/0Hans-Jorg Butt
48%
1998FW69/10Oliver Neuville
48%
2011MF19/4Lars Bender
46%
2014DF33/2Matthias Ginter
46%
2011MF7/0Sven Bender
46%
1990GK59/0Andreas Kopke
43%
2001DF47/0Christoph Metzelder
43%
2014DF43/3Jonas Hector
43%
2016MF33/3Julian Brandt
43%
1999MF81/4Bernd Schneider
41%
2009FW23/6Cacau
41%
2010DF31/1Holger Badstuber
41%
1986DF105/2Jurgen Kohler
41%
2010DF16/0Marcel Schmelzer
41%
1995DF1/0Rene Schneider
41%
2013GK5/0Roman Weidenfeller
41%
2014DF20/2Shkodran Mustafi
41%
1987GK54/0Bodo Illgner
39%
1997MF59/5Dietmar Hamann
39%
2016DF11/0Jonathan Tah
39%
2010MF6/0Kevin Grosskreutz
39%
2019DF10/0Lukas Klostermann
39%
2007FW6/0Stefan Kiessling
39%
1988MF101/11Thomas Hassler
39%
1988MF85/29Andreas Moller
37%
2014MF12/0Christoph Kramer
37%
2017DF8/1Marcel Halstenberg
37%
2005DF45/3Marcell Jansen
37%
2007GK8/0Robert Enke
37%
2004DF19/2Robert Huth
37%
1991MF35/5Stefan Effenberg
37%
2018DF9/0Thilo Kehrer
37%
2009DF9/0Andreas Beck
35%
2001FW43/6Gerald Asamoah
35%
2008GK12/0Rene Adler
35%
2020DF4/1Robin Gosens
35%
2011GK6/0Ron-Robert Zieler
35%
2003DF7/1Tobias Rau
35%
2014DF1/0Christian Gunter
33%
1993DF72/9Christian Ziege
33%
2006FW16/1David Odonkor
33%
2017FW11/4Lars Stindl
33%
1994MF30/2Mario Basler
33%
2001MF31/3Sebastian Kehl
33%
2014MF29/1Sebastian Rudy
33%
1997DF43/1Thomas Linke
33%
2002MF33/2Tim Borowski
33%
2004DF4/0Christian Schulz
30%
2014DF7/0Erik Durm
30%
1999MF28/2Frank Baumann
30%
2008DF27/4Heiko Westermann
30%
2003FW52/19Kevin Kuranyi
30%
1992MF6/0Martin Wagner
30%
2014MF4/1Max Meyer
30%
1995MF36/8Mehmet Scholl
30%
1992DF7/0Michael Schulz
30%
2018MF11/2Nico Schulz
30%
2017FW8/5Sandro Wagner
30%
2004MF52/6Thomas Hitzlsperger
30%
1998FW33/10Carsten Jancker
28%
1998MF46/3Carsten Ramelow
28%
1997MF55/1Jens Jeremies
28%
1997DF48/1Jens Nowotny
28%
2020MF1/0Jonas Hofmann
28%
2014FW10/1Kevin Volland
28%
1987DF69/2Stefan Reuter
28%
2008GK6/0Tim Wiese
28%
1992DF66/0Christian Worns
26%
1984DF76/4Guido Buchwald
26%
2014MF11/1Karim Bellarabi
26%
1988FW42/16Karl-Heinz Riedle
26%
1997MF16/1Lars Ricken
26%
2008MF16/1Marko Marin
26%
1981MF73/18Pierre Littbarski
26%
2006MF35/2Piotr Trochowski
26%
2014MF1/0Andre Hahn
24%
2016DF4/0Benjamin Henrichs
24%
2010MF3/0Lewis Holtby
24%
2004GK7/0Timo Hildebrand
24%
2020MF1/1Florian Neuhaus
22%
1995DF51/1Markus Babbel
22%
1996DF19/0Michael Tarnat
22%
1984MF52/3Olaf Thon
22%
2015MF2/0Patrick Herrmann
22%
2009MF3/0Aaron Hunt
20%
2006DF22/2Clemens Fritz
20%
1994FW37/10Fredi Bobic
20%
2017MF2/1Kerem Demirbay
20%
1983DF27/0Klaus Augenthaler
20%
2017DF7/0Marvin Plattenhardt
20%
2013FW14/4Max Kruse
20%
2018FW2/0Nils Petersen
20%
2000MF36/3Sebastian Deisler
20%
2007MF26/2Simon Rolfes
20%
1993FW25/6Stefan Kuntz
20%
1990DF68/5Thomas Helmer
20%
1992FW51/20Ulf Kirsten
20%
1998FW12/2Alexander Zickler
17%
2009MF5/0Christian Gentner
17%
2010DF12/0Dennis Aogo
17%
2007MF5/0Gonzalo Castro
17%
2016MF5/0Julian Weigl
17%
2019FW4/1Luca Waldschmidt
17%
2020MF1/0Mahmoud Dahoud
17%
2008DF8/0Marcel Schafer
17%
1995FW40/9Marco Bode
17%
2002FW1/0Martin Max
17%
2019DF4/0Robin Koch
17%
2008DF14/0Serdar Tasci
17%
1995MF21/0Steffen Freund
17%
1985DF62/1Thomas Berthold
17%
1998DF35/4Marko Rehmer
15%
1992MF7/0Michael Zorc
15%
2004DF11/0Patrick Owomoyela
15%
1990MF41/1Thomas Strunz
15%
1989MF17/3Uwe Bein
15%
1992FW2/0Bruno Labbadia
13%
2002MF24/1Fabian Ernst
13%
2002GK4/0Frank Rost
13%
2007FW12/1Mike Hanke
13%
2007FW13/2Patrick Helmes
13%
1998FW13/0Paulo Rink
13%
2014DF1/0Sebastian Jung
13%
2009MF1/0Tobias Weis
13%
2016MF1/0Yannick Gerhardt
13%
1990FW10/2Andreas Thom
11%
2009DF10/0Christian Trasch
11%
1994DF3/0Dirk Schuster
11%
2018FW1/0Mark Uth
11%
1993MF5/1Maurizio Gaudino
11%
2014MF1/0Maximilian Arnold
11%
2007MF8/0Robert Hilbert
11%
2010MF3/0Stefan Reinartz
11%
2003DF21/0Andreas Hinkel
9%
2007DF2/1Christian Pander
9%
2017MF1/0Diego Demme
9%
1982FW17/0Frank Mill
9%
1988MF2/0Gunter Hermann
9%
2006FW3/0Jan Schlaudraff
9%
2008MF3/0Jermaine Jones
9%
1999FW7/3Michael Preetz
9%
2019DF2/0Niklas Stark
9%
1994FW13/3Olaf Marschall
9%
1996GK1/0Oliver Reck
9%
1989GK4/0Raimond Aumann
9%
2012MF2/0Roman Neustadter
9%
2010DF2/0Sascha Riether
9%
1996DF4/1Stephan Passlack
9%
1991MF18/1Thomas Doll
9%
2000MF1/0Zoltan Sebescen
9%
2017FW5/2Amin Younes
7%
1998MF6/1Christian Nerlinger
7%
1997MF17/1Dariusz Wosz
7%
1995FW5/1Heiko Herrlich
7%
2001MF10/1Jorg Bohme
7%
1995MF37/2Jorg Heinrich
7%
2006DF2/0Malik Fathi
7%
2008DF1/0Marvin Compper
7%
1984DF19/0Michael Frontzeck
7%
2002MF19/1Paul Freier
7%
2019MF4/0Suat Serdar
7%
2002FW8/1Thomas Brdaric
7%
1989DF4/0Alois Reinhardt
4%
2002DF5/0Christian Rahn
4%
1993MF31/0Dieter Eilts
4%
2004DF2/0Frank Fahrenhorst
4%
1987DF11/0Hans Pflugler
4%
1994MF3/0Jens Todt
4%
1988MF7/0Knut Reinhardt
4%
1990DF14/1Manfred Binz
4%
2019MF4/0Nadiem Amiri
4%
2014DF1/0Oliver Sorg
4%
1990DF1/0Paul Steiner
4%
2013DF2/0Philipp Wollscheid
4%
1998MF5/0Stefan Beinlich
4%
2006DF2/0Alexander Madlung
2%
2004DF2/0Andreas Gorlitz
2%
2003FW5/0Benjamin Lauth
2%
1993FW1/0Bernd Hobsch
2%
1991DF1/0Dietmar Beiersdorfer
2%
2003MF1/0Hanno Balitsch
2%
1992MF1/0Heiko Scholz
2%
1999MF2/0Horst Heldt
2%
1993MF1/0Karlheinz Pflipsen
2%
2005MF3/0Lukas Sinkiewicz
2%
1995MF2/0Marco Haber
2%
1999FW1/0Marco Reich
2%
1994MF9/0Ralf Weber
2%
2002MF3/1Daniel Bierofka
0%
1999DF2/0Heiko Gerber
0%
2000DF2/0Ingo Hertzsch
0%
1996MF3/0Jorg Albertz
0%
2004MF3/0Marco Engelhardt
0%
2003DF4/0Michael Hartmann
0%
1999DF2/0Mustafa Dogan
0%
1999DF2/0Ronald Maul
0%
1997MF2/0Sven Kmetsch
0%
1993DF1/0Thomas Ritter
0%
1992MF1/0Thomas Wolter
0%

Score Distribution

Percentile by Number Answered

Percent of People with Each Score

Your Score History

You have not taken this quiz